LEADER 00949nam a22002531i 4500 001 991000590649707536 005 20040109095445.0 008 040220s1955 it |||||||||||||||||ita 035 $ab12640943-39ule_inst 035 $aARCHE-063929$9ExL 040 $aDip.to Scienze pedagogiche$bita$cA.t.i. Arché s.c.r.l. Pandora Sicilia s.r.l. 082 04$a331.01 100 1 $aFriedmann, Georges$033222 245 10$aDove va il lavoro umano ? /$cGeorges Friedmann 260 $aMilano :$bEdizioni di comunità,$c1955 300 $aXVIII, 350 p. ;$c25 cm 650 4$aProgresso tecnico$xAspetti sociali 765 0 $tOu va le travail humain 907 $a.b12640943$b02-04-14$c17-03-04 912 $a991000590649707536 945 $aLE022 MP 80 A 22$g1$i2022000153133$lle022$o-$pE0.00$q-$rl$s- $t0$u0$v0$w0$x0$y.i13144352$z17-03-04 996 $aOu va le travail humain$922171 997 $aUNISALENTO 998 $ale022$b17-03-04$cm$da $e-$fita$git $h0$i1 LEADER 00940nam a2200277 i 4500 001 991000881889707536 005 20020507102724.0 008 990609s1998 it ||| | ita 035 $ab10142873-39ule_inst 035 $aLE00638509$9ExL 040 $aDip.to Fisica$bita 082 04$a925 084 $a53(092) 100 1 $aContinenza, Barbara$049980 245 10$aDarwin :$buna vita per un'idea, la teoria dell'evoluzione /$cBarbara Continenza 260 $aMilano :$bLe scienze,$c1998 300 $a103 p. :$bill. ;$c28 cm. 440 2$aI grandi della scienza ;$v4 650 4$aBiografie-Scienziati 650 4$aDarwin, Charles 907 $a.b10142873$b11-06-07$c27-06-02 912 $a991000881889707536 945 $aLE006 53(091) GDS$g1$i2006000079303$lle006$o-$pE0.00$q-$rl$s- $t0$u0$v0$w0$x0$y.i10169908$z27-06-02 996 $aDarwin$9186883 997 $aUNISALENTO 998 $ale006$b01-01-99$cm$da $e-$fita$git $h0$i1